|
|
|
|
| LEADER |
00000nam0a2200000 4500 |
| 001 |
220210 |
| 005 |
20231101230321.0 |
| 010 |
|
|
|a 0521283647
|
| 035 |
|
|
|a (RuTPU)RU\TPU\book\240330
|
| 090 |
|
|
|a 220210
|
| 100 |
|
|
|a 20120820d2001 m y0engy50 ba
|
| 101 |
0 |
|
|a eng
|
| 102 |
|
|
|a GB
|
| 105 |
|
|
|a a j 001zy
|
| 200 |
1 |
|
|a Developing Reading Skills. A practical guide to reading comprehension exercises
|f F. Grellet
|
| 210 |
|
|
|a Cambridge
|c Cambridge University Press
|d 2001
|
| 215 |
|
|
|a 252 p.
|c il.
|
| 225 |
1 |
|
|a Cambridge Language Teaching Library
|
| 320 |
|
|
|a Bibliography: p. 251.
|
| 606 |
1 |
|
|a Английский язык
|x Содержание и методика преподавания языка в высшей школе
|2 stltpush
|3 (RuTPU)RU\TPU\subj\29068
|9 52480
|
| 610 |
1 |
|
|a лексика
|
| 610 |
1 |
|
|a грамматика
|
| 610 |
1 |
|
|a разговорная речь
|
| 610 |
1 |
|
|a методика
|
| 610 |
1 |
|
|a обучение
|
| 686 |
|
|
|a Ш143.21-91
|v LBC/SL-A
|2 rubbk
|
| 700 |
|
1 |
|a Grellet
|b F.
|g Françoise
|
| 801 |
|
1 |
|a RU
|b 63413507
|c 20120820
|
| 801 |
|
2 |
|a RU
|b 63413507
|c 20120910
|g RCR
|
| 942 |
|
|
|c BK
|